Derecho ambiental y recursos naturales: consolidación de doctrinas y nuevos desafíos
Saved in:
| Hovedforfatter: | |
|---|---|
| Format: | Bog |
| Sprog: | spansk |
| Udgivet: |
Santiago
Universidad de los Andes. Facultad de Derecho
2016
|
| Udgivelse: | 1a. ed |
| Serier: | Cuadernos de Extensión Jurídica, 28
|
| Fag: | |
| Online adgang: | Disponible Online |
| Tags: |
Tilføj Tag
Ingen Tags, Vær først til at tagge denne postø!
|
MARC
| LEADER | 00000cam a2200000 a 4500 | ||
|---|---|---|---|
| 001 | UCD6795 | ||
| 003 | CL-VaPUC | ||
| 005 | 20250508143832.0 | ||
| 008 | 170119e20160000cl |||||||||||||||||spa|d | ||
| 999 | |c 366975 |d 366973 | ||
| 020 | |a 9789567160969 | ||
| 040 | |c Pontificia Universidad Católica de Valparaíso | ||
| 082 | 0 | 4 | |a 344.046 |b TIS |2 21 |
| 100 | 0 | |a Tisné Niemann, Jorge Bertrand |e author |9 590613 | |
| 245 | 1 | 0 | |a Derecho ambiental y recursos naturales: consolidación de doctrinas y nuevos desafíos |
| 250 | |a 1a. ed | ||
| 260 | |a Santiago |b Universidad de los Andes. Facultad de Derecho |c 2016 | ||
| 300 | |a 253 p | ||
| 490 | 0 | |a Cuadernos de Extensión Jurídica, 28 | |
| 505 | |a Aspectos procesales de la incorporación del amicus curiae al proceso que persigue la reparación del daño medioambiental / Maite Aguirrezabal Grünstein Algunas reflexiones acerca de la inadmisibilidad en el procedimiento establecido en la Ley Nº 20.600 sobre Tribunales Ambientales / Jaime Carrasco Poblete El derecho real de conservación: notas después de una primera lectura de la ley Nº 20.930, de 2016 / Hernán Corral Talciani Incumplimiento de deberes ambientales en materia de cobertura del contrato de seguro / Javier Ignacio Fernández Carrera Derecho a vivir en un medio ambiente libre de contaminación o medio ambiente sano como derecho humano ante la jurisprudencia de la Corte y Comisión Interamericana de Derechos Humanos / Emilio Alfonso Garrote Campillay Una aproximación a la responsabilidad penal de las personas jurídicas en Chile en el marco de los delitos contra el medio ambiente / Rodrigo Guerra Espinosa Desafíos regulatorios de la energía distribuida en Chile / Francisco Irarrázaval Armendáriz Análisis jurisprudencial de los aspectos medioambientales del Derecho de Aguas / Camilo Larraín Sánchez Wordie House: un caso de daño medioambiental en la Antártica / Gustavo Ramírez Buchheister Algunos problemas del derecho al recurso en el contencioso ambiental / Alejandro Romero Seguel Las garantías constitucionales a la luz de la doctrina del Tribunal Europeo de Derechos Humanos en materia de ruidos / Jorge Bertrand Tisné Niemann | ||
| 583 | |a last modification |c 20170228 11:41:00 |k Rodrigo Vera | ||
| 650 | 0 | |a Derecho ambiental |9 257835 | |
| 650 | 0 | |a Derecho ambiental internacional |9 467416 | |
| 650 | 0 | |a Recursos naturales |9 255232 | |
| 856 | |u https://www.uandes.cl/wp-content/uploads/2019/03/Cuaderno-de-Extensi%C3%B3n-Jur%C3%ADdica-N%C2%B0-28-Derecho-Ambiental-y-Recursos-Naturales.pdf |y Disponible Online | ||
| 942 | |c BK |2 ddc | ||
| 945 | |d 20170119 14:29:00 |a arojas | ||
| 952 | |0 0 |1 0 |3 erb |4 0 |6 344_046000000000000_TIS_2016 |7 0 |8 A |9 481649 |a BIBDER |b BIBDER |i 5360463 |o 344.046 TIS 2016 |p 5360463 |r 2023-01-25 |w 2019-11-24 |y BK |z Catalogado en:20170119 |k DER | ||